| 000 | 00992nam a2200289 i 4500 | ||
|---|---|---|---|
| 001 | bg | ||
| 100 | 1 |
_aULLMAN, Larry E. _d(1972- ) |
|
| 245 | 1 | 0 |
_aPHP i MySQL : _bdynamiczne strony WWW : szybki start / _cLarry Ullman ; [tł. Michał Dadan (rozdz. _n1-7), Piotr Pilch (rozdz. _n8-13, dod. A-D). |
| 246 |
_iTyt. oryg.: _aPHP and MySQL for dynamic Web SitesVisual QuickPro guide |
||
| 260 |
_aGliwice : _b"Helion", _c2004. |
||
| 300 |
_a580 s. ; _c24 cm. |
||
| 500 | _aTyt. oryg.: "PHP and MySQL for dynamic Web SitesVisual QuickPro guide". | ||
| 504 | _aIndeks. | ||
| 650 | 9 | _aMySQL | |
| 650 | 9 | _aPHP | |
| 655 | _aPodręczniki | ||
| 700 | 1 |
_aDADAN, Michał. _eTł. |
|
| 700 | 1 |
_aPILCH, Piotr. _eTł. |
|
| 020 | _a8373611576 | ||
| 040 | _cBPK | ||
| 041 | 1 |
_apol _heng |
|
| 080 | _a004.438A/Z:004.738.52](07) | ||
| 920 | _a83-7361-157-6 | ||
| 942 | _cKS | ||
| 008 | s pl f |000 0 pol | ||
| 999 |
_c43756 _d43756 |
||
| 856 |
_uhttp://koha.tu.koszalin.pl/cgi-bin/koha/opac-detail.pl?biblionumber=43756 _yKatalog online BPK |
||